00950nam a2200205 a 450000500170000000800410001704000250005804100080008308200100009110000230010124500910012426000340021530000250024950503460027465000290062065000190064965000270066870000240069570000250071920200519125231.0200506b ||||| |||| 00| 0 spa d aCO-BoIAVHcCO-BoIAVH aeng a577.3 aReading, Alison J. aHumid tropical environmentscAlison J Reading; Russell D Thompson; Andrew C Millington aOxfordc1995bBlackwell Basil a429 páginasc25 cm aThe humid tropics contain some of the worlda s richest, most diverse, most important and most threatened environments. This book draws on recent work by geographers, biologists, ecologists, geologists and climatologists to present a complete and integrated appraisal of the natural environment of all the humid tropical regions of the world. aBosque húmedo tropical aMedio ambiente aEcosistemas tropicales aThompson, Russell D aMillington, Andrew C